The empanadas that abuela made = Las empanadas que abuela hacia la abuela / (Record no. 16258)

MARC details
000 -LEADER
fixed length control field 02098cam a2200493 a 4500
001 - CONTROL NUMBER
control field sjds234048
003 - CONTROL NUMBER IDENTIFIER
control field sjds
005 - DATE AND TIME OF LATEST TRANSACTION
control field 20160926161202.0
008 - FIXED-LENGTH DATA ELEMENTS--GENERAL INFORMATION
fixed length control field 020919t20032003txua b 000 1 eng
010 ## - LIBRARY OF CONGRESS CONTROL NUMBER
LC control number 2002033323
020 ## - INTERNATIONAL STANDARD BOOK NUMBER
International Standard Book Number 155885388X (alk. paper)
020 ## - INTERNATIONAL STANDARD BOOK NUMBER
International Standard Book Number 9781558853881
035 ## - SYSTEM CONTROL NUMBER
System control number (OCoLC)432556674
040 ## - CATALOGING SOURCE
Original cataloging agency DLC
Transcribing agency DLC
Modifying agency UtOrBLW
041 1# - LANGUAGE CODE
Language code of text/sound track or separate title spa
-- eng
Language code of original eng
049 ## - LOCAL HOLDINGS (OCLC)
Holding library IFAB
099 ## - LOCAL FREE-TEXT CALL NUMBER (OCLC)
Classification number ESPANOL PICTURE BOOKS BERTRAND
100 1# - MAIN ENTRY--PERSONAL NAME
Personal name Bertrand, Diane Gonzales.
245 14 - TITLE STATEMENT
Title The empanadas that abuela made = Las empanadas que abuela hacia la abuela /
Statement of responsibility, etc. by / por Diane Gonzales Bertrand ; illustrations by / illustraciones de Alex Pardo DeLange ; Spanish translation by / traduccion al español de Gabriela Baeza Ventura.
246 31 - VARYING FORM OF TITLE
Title proper/short title Empanadas que hacia la abuela
246 31 - VARYING FORM OF TITLE
Title proper/short title Las empanadas que abuela hacia la abuela
260 ## - PUBLICATION, DISTRIBUTION, ETC. (IMPRINT)
Place of publication, distribution, etc. Houston, TX :
Name of publisher, distributor, etc. Piñata Books,
Date of publication, distribution, etc. [2003]
264 #1 - PRODUCTION, PUBLICATION, DISTRIBUTION, MANUFACTURE, AND COPYRIGHT NOTICE
Place of production, publication, distribution, manufacture Houston, TX :
Name of producer, publisher, distributor, manufacturer Piñata Books,
Date of production, publication, distribution, manufacture, or copyright notice [2003]
264 #4 - PRODUCTION, PUBLICATION, DISTRIBUTION, MANUFACTURE, AND COPYRIGHT NOTICE
Date of production, publication, distribution, manufacture, or copyright notice c2003
300 ## - PHYSICAL DESCRIPTION
Extent 1 volume (unpaged) :
Other physical details color illustrations ;
Dimensions 23 x 29 cm
336 ## - CONTENT TYPE
Content type term text
Content type code txt
Source rdacontent
337 ## - MEDIA TYPE
Media type term unmediated
Media type code n
Source rdamedia
338 ## - CARRIER TYPE
Carrier type term volume
Carrier type code nc
Source rdacarrier
520 ## - SUMMARY, ETC.
Summary, etc. Told in the style of a cumulative folk song, a grandmother makes empanadas, a traditional Hispanic treat, for her family. Includes recipe.
546 ## - LANGUAGE NOTE
Language note In English and in Spanish.
650 #0 - SUBJECT ADDED ENTRY--TOPICAL TERM
Topical term or geographic name as entry element Mexican Americans
Form subdivision Juvenile fiction.
650 #0 - SUBJECT ADDED ENTRY--TOPICAL TERM
Topical term or geographic name as entry element Empanadas
Form subdivision Juvenile fiction.
650 #0 - SUBJECT ADDED ENTRY--TOPICAL TERM
Topical term or geographic name as entry element Grandmothers
Form subdivision Juvenile fiction.
650 #0 - SUBJECT ADDED ENTRY--TOPICAL TERM
Topical term or geographic name as entry element Spanish language materials
General subdivision Bilingual
Form subdivision Juvenile literature.
650 #7 - SUBJECT ADDED ENTRY--TOPICAL TERM
Topical term or geographic name as entry element Mexicano-americanos
Form subdivision Novela juvenil.
Source of heading or term bidex
650 #7 - SUBJECT ADDED ENTRY--TOPICAL TERM
Topical term or geographic name as entry element Empanadas
Form subdivision Novela juvenil.
Source of heading or term local
650 #7 - SUBJECT ADDED ENTRY--TOPICAL TERM
Topical term or geographic name as entry element Abuelas
Form subdivision Novela juvenil.
Source of heading or term bidex
650 #7 - SUBJECT ADDED ENTRY--TOPICAL TERM
Topical term or geographic name as entry element Materiales bilingües en español
Form subdivision Literatura juvenil.
Source of heading or term bidex
700 12 - ADDED ENTRY--PERSONAL NAME
Personal name Bertrand, Diane Gonzales.
Title of a work Empanadas that abuela baked.
Language of a work English.
700 12 - ADDED ENTRY--PERSONAL NAME
Personal name Bertrand, Diane Gonzales.
Title of a work Empanadas that abuela baked.
Language of a work Spanish.
700 1# - ADDED ENTRY--PERSONAL NAME
Personal name DeLange, Alex Pardo,
Relator term illustrator.
700 1# - ADDED ENTRY--PERSONAL NAME
Personal name Ventura, Gabriela Baeza.
942 ## - ADDED ENTRY ELEMENTS (KOHA)
Koha item type Libro/Book
Holdings
Withdrawn status Lost status Damaged status Not for loan Home library Current library Date acquired Inventory number Total Checkouts Barcode Date last seen Price effective from Koha item type Source of classification or shelving scheme Date checked out
        Barbudos -- Satellite Barbudos -- Satellite 13/08/2015   2 35800777 21/11/2016 13/08/2015 Libro/Book Dewey Decimal Classification 10/11/2016
        Zaragoza -- Satellite Zaragoza -- Satellite 13/05/2014 Inventory date: 7/7/25   35500846 13/05/2014 13/05/2014 Libro/Book    

Powered by Koha